000 00890nam a2200289 a 4500
001 56909
003 BD-RjUL
005 20211209080440.0
008 161205s2003 ii ||||| b||| 001 0 eng d
020 _a8176483850 (set)
020 _a8176483869 (vol. I)
020 _a8176483877 (vol. II)
035 _a(BD-RjUL)57033
040 _aDLC
_cDLC
_dBD-RjUL
_beng
041 _aeng
082 0 0 _a297.082
_223
_bWOM 2003
245 0 1 _aWomen in Islam /
_cEdited by Naseem Ahmad
260 _aNew Delhi :
_bA.P.H. Publishing corporation,
_cc2003.
300 _a2 v. ;
_c24 cm.
504 _aIncludes bibliographical references (p. 967-969) and index.
505 1 _aVol.I & Vol. II
650 0 _aWomen in Islam
_9124514
650 0 _aWomen (Islamic law)
_9126529
650 0 _aWomen's rights
_xReligious aspects
_v Islam
_9169303
700 _a Ahmad, Naseem
_9231933
942 _2ddc
_cBK
999 _c56909
_d56909